Σημαίες της Μέσης Ανατολής - Statistics

General Stats
  • This quiz has been taken 220 times
  • The average score is 11 of 16
Answer Stats
Picture Answer % Correct
Τουρκία
98%
Ισραήλ
96%
Κύπρος
93%
Λίβανος
87%
Σαουδική Αραβία
81%
Αίγυπτος
81%
Κατάρ
78%
Ιράν
75%
Ιρακ
73%
Συρία
64%
Μπαχρέιν
59%
Υεμένη
47%
Ιορδανία
45%
Ενωμένα Αραβικά Εμιράτα
43%
Ομάν
43%
Κουβέιτ
39%
No matching quizzes found
Score Distribution
Percent of People with Each Score
Percentile by Number Answered
Your Score History
You have not taken this quiz